Countries: After S Quiz Stats

 Plays Quiz Updated Jul 2, 2018

Also try: Countries: After R
Challenge
Share
Tweet
Embed
Score 0/16 Timer 04:00
0 Plays Today
Letter after 'S' Name of Country % Correct
WSweden
94.2%
OBurkina Faso
93.7%
PSpain
90.7%
TKazakhstan
88.6%
ASaudi Arabia
87.9%
ITunisia
87.6%
USuriname
85.6%
ESenegal
83%
Letter after 'S' Name of Country % Correct
-Mauritius
82.7%
LSlovakia
82.3%
SGuinea-Bissau
75.1%
RSri Lanka
74.1%
YSyria
74%
HBangladesh
51.2%
NBosnia and Herzegovina
44.2%
CMadagascar
29.9%

You're not logged in!

Compare scores with friends on all Sporcle quizzes.
Join for Free
OR
Log In

You Might Also Like...

Show Comments

Extras

Top Quizzes Today


Score Distribution

Your Account Isn't Verified!

In order to create a playlist on Sporcle, you need to verify the email address you used during registration. Go to your Sporcle Settings to finish the process.

Report this User

Report this user for behavior that violates our Community Guidelines.

Details: